Ivanhoe

Збережено в:
Бібліографічні деталі
Автор: Scott, Walter
Формат: Книга
Мова:Undetermined
Опубліковано: New York, Estados Unidos Scholastic 1968
Предмети:
Теги: Додати тег
Немає тегів, Будьте першим, хто поставить тег для цього запису!

MARC

LEADER 00000nam a2200000Ia 4500
008 170316s9999 xx 000 0 und d
040 |a cru BVZT 
090 |a 820 S-4i 
100 |a Scott, Walter 
245 |a Ivanhoe 
260 |a New York, Estados Unidos 
260 |b Scholastic 
260 |c 1968 
300 |a 497 páginas 
650 |a LITERATURA INGLESA 
999 |c 7089  |d 7089 
942 |c 15 D  |h 820 S-4i  |2 z